000 00325nam a2200133Ia 4500
005 20260328101514.0
008 260328s9999||||xx |||||||||||||| ||und||
100 _aHulten, Bertil
245 0 _aBuilding Modern sweden /
_cBertil Hulten
260 _bPenguin
300 _a64 p.
650 _aARQUITECTURA REGIONAL
942 _cBK
999 _c9311
_d9311